000 004610000a22001810004500
003 MACL
005 20151025124950.0
008 151025b xxu||||| |||| 00| 0 eng d
040 _aMACL
_cMACL
041 _aEnglish
082 _a934/GOY
100 _aGoyal, Shankar
_916669
245 _aHistory And Historigraphy Of The Age Of Harsha
260 _bKusumanjali Prakashan
_c1992
_aJodhpur
350 _a350
650 _aHistory
_916670
942 _cBK
_k934
_2ddc
999 _c4231
_d4231